Т. 2 : Теория ребристых оболочек; Методы расчета оболочек

Detalles Bibliográficos
Parent link:Методы расчета оболочек: в 5 т./ Академия наук Украинской ССР (АН УССР), Институт механики ; под ред. А. Н. Гузя. Т. 2 : Теория ребристых оболочек.— , 1980-1982
Idioma:ruso
Publicado: 1980
Subjects:
Formato: Libro
KOHA link:https://koha.lib.tpu.ru/cgi-bin/koha/opac-detail.pl?biblionumber=347609

MARC

LEADER 00000nam2a2200000 4500
001 347609
005 20231102010022.0
035 |a (RuTPU)RU\TPU\book\379526 
090 |a 347609 
100 |a 20220526d1980 km y0rusy50 ca 
101 0 |a rus 
102 |a UA 
105 |a a z 001zy 
200 0 |a Т. 2 : Теория ребристых оболочек 
210 |d 1980 
215 |a 368 с.  |c ил. 
320 |a Библиогр.: с. 343-364 
461 1 |0 (RuTPU)RU\TPU\book\273528  |t Методы расчета оболочек  |o в 5 т.  |f Академия наук Украинской ССР (АН УССР), Институт механики ; под ред. А. Н. Гузя  |v Т. 2 : Теория ребристых оболочек  |d 1980-1982 
606 1 |a Оболочки ребристые  |2 stltpush  |3 (RuTPU)RU\TPU\subj\46535  |9 65661 
610 1 |a цилиндрические оболочки 
610 1 |a уравнения движения 
610 1 |a напряженно-деформированное состояние 
610 1 |a статическое нагружение 
610 1 |a оболочки вращения 
610 1 |a колебания 
610 1 |a конические оболочки 
610 1 |a устойчивое движение 
610 1 |a устойчивость 
610 1 |a динамическое нагружение 
675 |a 539.3  |v 4 
801 1 |a RU  |b 63413507  |c 20220526 
942 |c BK